Statistics for Countries by Their Formula 1 Drivers

Click here to take the quiz!

General Stats

  • This quiz has been taken 1,100 times
  • The average score is 28 of 38

Answer Stats

Answer Total Champions 2014 Drivers % Correct
United Kingdom159103
99%
Germany (including East Germany)5424
99%
United States15720
97%
France7013
97%
Italy10120
96%
Brazil3031
96%
Spain1311
95%
Finland932
94%
Australia1721
94%
Japan2001
91%
Russia201
91%
Argentina2510
91%
Mexico602
91%
Sweden1001
91%
Canada1310
89%
Austria1620
87%
Portugal500
82%
New Zealand810
81%
Belgium2300
81%
Netherlands1500
80%
South Africa2310
80%
India200
78%
Poland100
78%
Denmark500
76%
Switzerland2400
73%
Venezuela301
73%
Ireland500
67%
Colombia300
66%
Monaco300
64%
Hungary100
61%
Chile100
59%
Malaysia100
46%
Thailand100
40%
Czech Republic100
38%
Uruguay400
36%
Morocco100
34%
Rhodesia (now Zimbabwe)500
17%
Liechtenstein100
15%

Score Distribution

Percentile by Number Answered

Percent of People with Each Score

Your Score History

You have not taken this quiz